Fish processing : Sustainability and new opportunities (Record no. 340993)
[ view plain ]
| 000 -LEADER | |
|---|---|
| fixed length control field | 00513cam a2200157 a 4500 |
| 020 ## - INTERNATIONAL STANDARD BOOK NUMBER | |
| International Standard Book Number | 9781405190473 (hardback : alk. paper) |
| 020 ## - INTERNATIONAL STANDARD BOOK NUMBER | |
| International Standard Book Number | 1405190477 (hardback : alk. paper) |
| 082 00 - DEWEY DECIMAL CLASSIFICATION NUMBER | |
| Classification number | 664.94 |
| Item number | HAL/FI |
| 245 00 - TITLE STATEMENT | |
| Title | Fish processing : Sustainability and new opportunities |
| 260 ## - PUBLICATION, DISTRIBUTION, ETC. (IMPRINT) | |
| Place of publication, distribution, etc. | Chichester, West Sussex, U.K. ; |
| -- | Ames, Iowa, : |
| Name of publisher, distributor, etc. | Wiley-Blackwell Pub., |
| Date of publication, distribution, etc. | 2011. |
| 300 ## - PHYSICAL DESCRIPTION | |
| Extent | x, 296 p. : |
| Other physical details | ill. ; |
| 650 #0 - SUBJECT ADDED ENTRY--TOPICAL TERM | |
| Topical term or geographic name as entry element | Fishery processing. |
| 650 #0 - SUBJECT ADDED ENTRY--TOPICAL TERM | |
| Topical term or geographic name as entry element | Fishery technology. |
| 700 1# - ADDED ENTRY--PERSONAL NAME | |
| Personal name | Hall, G. M., |
| 942 ## - ADDED ENTRY ELEMENTS (KOHA) | |
| Koha item type | Books (General) |
| Withdrawn status | Lost status | Damaged status | Not for loan | Collection code | Home library | Current library | Shelving location | Date acquired | Source of acquisition | Cost, normal purchase price | Total Checkouts | Full call number | Barcode | Date last seen | Price effective from | Koha item type |
|---|---|---|---|---|---|---|---|---|---|---|---|---|---|---|---|---|
| Reference Book | Kelappaji College of Agricultural Engineering & Technology Library, Tavanur | Kelappaji College of Agricultural Engineering & Technology Library, Tavanur | 31/03/2012 | International Books & Periodicals Supply Service, Delhi | 10896.00 | 664.94 HAL/FI | KAU_KCAEFT-23488 | 03/09/2025 | 06/07/2012 | Books (General) |
